书目信息 |
| 题名: |
员工忠诚度的培养
|
|
| 作者: | 孙健 主编 | |
| 分册: | ||
| 出版信息: | 北京 企业管理出版社 2003.04 |
|
| 页数: | 281页 | |
| 开本: | 21cm | |
| 丛书名: | ||
| 单 册: | ||
| 中图分类: | F292.92 , F272.92 | |
| 科图分类: | ||
| 主题词: | 企业经济 | |
| 电子资源: | ||
| ISBN: | 7-80147-872-X | |
| 000 | 00626nam0 2200217 450 | |
| 001 | 0656878642 | |
| 005 | 20060607085933.14 | |
| 010 | @a7-80147-872-X@dCNY25.00 | |
| 100 | @a20060525d2003 km y0chiy0120 ea | |
| 101 | 0 | @achi |
| 102 | @aCN@b110000 | |
| 200 | 1 | @a员工忠诚度的培养@Ayuan gong zhong cheng du de pei yang@f孙健主编@Fsun jian zhu bian |
| 210 | @a北京@c企业管理出版社@d2003.04 | |
| 215 | @a281页@d21cm | |
| 300 | @a华瑞管理新视野文库·人力资源卷03 | |
| 606 | 0 | @a企业经济 |
| 690 | @aF292.92@v4 | |
| 690 | @aF272.92@v3 | |
| 701 | 0 | @a孙健@Asun jian@4主编 |
| 801 | 0 | @aCN@bPFT@c20060607 |
| 905 | @aBZT@dF272.92@e278 | |
| 员工忠诚度的培养/孙健主编.-北京:企业管理出版社,2003.04 |
| 281页;21cm |
| 华瑞管理新视野文库·人力资源卷03 |
| ISBN 7-80147-872-X:CNY25.00 |
| ● |
| 相关链接 |
|
|
|
正题名:员工忠诚度的培养
索取号:F272.92/278
 
预约/预借
| 序号 | 登录号 | 条形码 | 馆藏地/架位号 | 状态 | 备注 |
| 1 | 444915 | 230002334 | 中心书库北库/ 北库012架B面4列1层55/ [索取号:F272.92/278] | 在馆 | |
| 2 | 444916 | 230002333 | 中心书库北库/ 北库012架B面4列1层58/ [索取号:F272.92/278] | 在馆 | |
| 3 | 444917 | 230002332 | 中心书库北库/ 北库012架B面4列1层54/ [索取号:F272.92/278] | 在馆 | |
| 4 | 444918 | 230002331 | 中心书库北库/ 北库012架B面4列1层52/ [索取号:F272.92/278] | 在馆 | |
| 5 | 444919 | 230002330 | 中心书库北库/ 北库012架B面4列1层53/ [索取号:F272.92/278] | 在馆 |